O peixe do copo dos dentes que queria nadar no mar (Registo nº 719)

Detalhes MARC
000 -Etiqueta do registo
Cabeçalho 00791nam0a22003251 4500
005 - Identificador da versão
Campo de controlo 20240813121810.0
010 ## - Número internacional normalizado dos livros (ISBN)
Número (ISBN) 9727703917
021 ## - Número do Depósito Legal
Código do país PT
Número 231398/05
035 ## - Other System Control Numbers
System Control Number 0000749
System Control Number 0000744
System Control Number 0000744
System Control Number 0000732
100 ## - Dados gerais de processamento
Dados gerais de processamento 20070925d2005 a e0pory5003 ba
102 ## - Pais de publicação ou produção
País de publicação Portugal
101 0# - Língua de publicação
Língua do texto, banda sonora, etc. Português
Língua do documento no original Português
106 ## - Campo de dados codificados: material textual
Dados codificados do material textual r
105 ## - Campo de dados codificados: livros
Dados codificados dos livros a z 001yy
215 ## - Descrição física 
Indicação específica da natureza do documento e extensão da espécie 24p.
Dimensões cm
200 1# - Titulo e menção de responsabilidade
Título próprio O peixe do copo dos dentes que queria nadar no mar
Primeira menção de responsabilidade António Laranjeira
Outras menções de responsabilidade Susana Ribeiro
225 2# - Colecção 
Título próprio da colecção Galaró
Indicação de volume 6
205 ## - Menção da edição
Menção da edição 1ª ed
210 ## - Publicação, Distribuição, etc. 
Lugar da edição, distribuição, etc. Lisboa
Nome do editor, distribuidor, etc. Plátano Editora
Data da publicação, distribuição, etc. 2005
675 ## - Classificação Decimal Universal (CDU)
Notação 82-93
Língua da edição por
702 #1 - Nome de autor-pessoa física (responsabilidade secundária)
Número de registo de entrada de autoridade 0000967
Código de função Ilustrador / Técnico de desenho computorizado
701 #1 - Nome de autor-pessoa física (co-responsabilidade principal)
Código de função Ilustrador / Técnico de desenho computorizado
700 #1 - Nome de autor-pessoa física (responsabilidade principal)
Número de registo de entrada de autoridade 0000965
Palavra de ordem Laranjeira
942 ## - Elementos de entrada adicionados (Koha)
Tipo de item no Koha Livro
Exemplares
Situação do levantamento Origin of item (home branch) (coded) Biblioteca de empréstimo Código de barras Circulation type (not for loan) Tipo de documento Nota do exemplar Damaged status
  Biblioteca Escolar Eng. Nuno Mergulhão Biblioteca Escolar Eng. Nuno Mergulhão BENM1208   Livro Sem mensagem